banner-ar

كتاب الاهرام الاقتصادى 223 ابريل 2006 : الانتخابات فى الدول الافريقية / (Record no. 7881)

MARC details
000 -الفاتح
حقل البيانات ثابتة الطول 00825nam a2200217Ia 4500
008 - عناصر البيانات ثابتة الطول - معلومات عامة
حقل البيانات ثابتة الطول 140319s9999 xx 000 0 ara d
040 ## - مصدر الفهرسة
وكالة الفهرسة الأصلية GCL /
وكالة النسخ GCL
082 04 - رقم تصنيف ديوى العشرى
رقم التصنيف د
رقم المادة 324.696
-- ع أ
100 1# - المدخل الرئيسى - إسم شخصى
الإسم الشخصى عبدالملك عوده
245 10 - بيان العنوان
العنوان كتاب الاهرام الاقتصادى 223 ابريل 2006 : الانتخابات فى الدول الافريقية /
بيان المسئوليه,etc عبدالملك عوده
300 ## - الوصف المادى
التعداد 80 ص ؛
أبعاد الوعاء 24 سم
490 ## - بيان السلسلة
عنوان السلسلة كتاب الاهرام الاقتصادى
رقم المجلد/ التعيين التسلسلي 223
650 04 - المدخل الاضافى بالموضوع-مصطلح موضوعى
مصطلح موضوعي الانتخابات
650 04 - المدخل الاضافى بالموضوع-مصطلح موضوعى
مصطلح موضوعي الديمقراطية
650 04 - المدخل الاضافى بالموضوع-مصطلح موضوعى
مصطلح موضوعي افريقيا - الاحوال السياسية
650 04 - المدخل الاضافى بالموضوع-مصطلح موضوعى
مصطلح موضوعي الدعاية الانتخابية
650 04 - المدخل الاضافى بالموضوع-مصطلح موضوعى
مصطلح موضوعي الانتخابات - افريقيا
942 ## - عناصر المدخل الإضافي( كوها)
مصدر التصنيف او مخطط الترفيف Dewey Decimal Classification
Koha [default] item type كتاب
260 ## - PUBLICATION, DISTRIBUTION, ETC. (IMPRINT)
-- القاهرة :
-- مؤسسة الاهرام
Holdings
حالة التراجع حالة الفقد حالة تلف ليس للاعارة المكان المؤقت الموقع الحالى تاريخ الاكتساب اجمالي اﻻعارات رقم الطلب الباركود تاريخ اخر مشاهدة تاريخ تفعيل السعر نوع وعاء كوها
        مكتبة القاهرة الكبرى مكتبة القاهرة الكبرى 03/26/2014   د\324.696\ع أ 16201 03/26/2014 03/26/2014 كتاب
        مكتبة القاهرة الكبرى مكتبة القاهرة الكبرى 03/26/2014   د\324.696\ع أ 16202 03/26/2014 03/26/2014 كتاب

Powered By

EGPV